[Event "4ème Open des Basses Vallées Angevines"]
[Site "Cantenay-Epinard"]
[Date "2015.12.19"]
[Round "5.11"]
[White "Gascoin, Dominique"]
[Black "Aumont, Tom"]
[Result "0-1"]
[WhiteElo "1370"]
[BlackElo "1713"]
[PlyCount "66"]
[EventDate "2015.12.??"]
[EventRounds "5"]
[WhiteTeam "L'Echiquier Angevin"]
[BlackTeam "La Cavale du Fou"]

1. c4 f5 2. d4 Nf6 3. Nc3 g6 4. g3 Bg7 5. Nf3 O-O 6. Bg2 d6 7. O-O Nc6 8. Re1
e5 9. dxe5 dxe5 10. Qxd8 Rxd8 11. e4 fxe4 12. Nxe4 Nxe4 13. Rxe4 Bf5 14. Re1
Nb4 15. Bg5 Re8 16. Re2 h6 17. Bd2 Nc2 18. Rc1 Bd3 19. b3 Bxe2 20. Rxc2 g5 21.
Bc3 Bd3 22. Rc1 e4 23. Nd4 Rad8 24. Nf5 Bxc3 25. Rxc3 Kh7 26. Ne3 Be2 27. Nd5
Rd6 28. Re3 Bd3 29. Nxc7 Re5 30. Nd5 b5 31. cxb5 Rexd5 32. Rxd3 exd3 33. Bxd5
Rxd5 0-1

[Event "4ème Open des Basses Vallées Angevines"]
[Site "Cantenay-Epinard"]
[Date "2015.12.19"]
[Round "5.12"]
[White "Aumont, Eric"]
[Black "Garreau, Matheo"]
[Result "0-1"]
[WhiteElo "1699"]
[BlackElo "1460"]
[PlyCount "46"]
[EventDate "2015.12.??"]
[EventRounds "5"]
[WhiteTeam "La Cavale du Fou"]
[BlackTeam "Le Club d'Echecs des Basses Vallées Angevines"]

1. c4 Nf6 2. Nc3 b6 3. e4 e6 4. e5 Ng8 5. Qf3 Nc6 6. d4 Bb4 7. Bd3 Nge7 8. Nge2
Rb8 9. O-O Bb7 10. Be4 Bxc3 11. bxc3 Na5 12. Bxb7 Nxb7 13. Ba3 Na5 14. Qd3 d6
15. f4 Nf5 16. d5 dxe5 17. fxe5 g6 18. Rf4 c6 19. d6 b5 20. c5 Nc4 21. Bc1 Nxe5
22. g4 Nxd3 23. Re4 Nxc5 0-1

[Event "4ème Open des Basses Vallées Angevines"]
[Site "Cantenay-Epinard"]
[Date "2015.12.19"]
[Round "5.13"]
[White "Leblond, Georges"]
[Black "Pineau, Mickael"]
[Result "0-1"]
[WhiteElo "1350"]
[BlackElo "1694"]
[PlyCount "64"]
[EventDate "2015.12.??"]
[EventRounds "5"]
[WhiteTeam "L'Echiquier Angevin"]
[BlackTeam "Club d'Echecs de la Bruffière"]

1. d4 d6 2. Qd3 Nf6 3. Nc3 g6 4. Bg5 Bg7 5. Nf3 O-O 6. e4 c6 7. Be2 b5 8. O-O
b4 9. Nb1 a5 10. Nbd2 Ba6 11. Nc4 d5 12. exd5 cxd5 13. Bxf6 Bxf6 14. Qe3 Bxc4
15. Bxc4 dxc4 16. Rad1 Qd5 17. b3 c3 18. Ne5 Nd7 19. Nc4 a4 20. Qd3 axb3 21.
axb3 Ra6 22. Ne3 Qb7 23. Rfe1 e6 24. Ra1 Rxa1 25. Rxa1 Ra8 26. Rxa8+ Qxa8 27.
h3 Qb7 28. Nc4 Qd5 29. Ne3 Qxd4 30. Qb5 Ne5 31. Nc4 Nxc4 32. bxc4 Be5 0-1

[Event "4ème Open des Basses Vallées Angevines"]
[Site "Cantenay-Epinard"]
[Date "2015.12.19"]
[Round "5.14"]
[White "Caillot, Arnaud"]
[Black "Potiron, Nathan"]
[Result "0-1"]
[WhiteElo "1649"]
[BlackElo "1388"]
[PlyCount "45"]
[EventDate "2015.12.??"]
[EventRounds "5"]
[WhiteTeam "Olympic Club Montalbanais"]
[BlackTeam "Club d'Echecs de la Bruffière"]

1. d4 f5 2. Bg5 d5 3. e3 h6 4. Bf4 e6 5. Qh5+ Ke7 6. Nf3 Nf6 7. Qg6 Nc6 8. Bb5
Bd7 9. Bxc6 Bxc6 10. Ne5 Be8 11. Qg3 g5 12. Bxg5 hxg5 13. Qxg5 Rg8 14. Qf4 Rxg2
15. Nd2 Ng4 16. Nd3 Bh6 17. Qf3 Rxh2 18. Rxh2 Nxh2 19. Qh3 Ng4 20. f3 Nxe3 21.
Kf2 Bg5 22. Nc5 Nxc2 23. Rg1 0-1

[Event "4ème Open des Basses Vallées Angevines"]
[Site "Cantenay-Epinard"]
[Date "2015.12.19"]
[Round "5.15"]
[White "Delafenetre, Franck"]
[Black "Giua, Marie"]
[Result "0-1"]
[WhiteElo "1576"]
[BlackElo "1380"]
[PlyCount "71"]
[EventDate "2015.12.??"]
[EventRounds "5"]
[WhiteTeam "Echiquier Bleu Roi"]
[BlackTeam "Club d'Echecs d'Avoine"]

1. d4 d5 2. c4 dxc4 3. e4 Nc6 4. Nf3 Bg4 5. Be3 Bxf3 6. Qxf3 Nxd4 7. Bxd4 Qxd4
8. Nc3 e6 9. a3 Bd6 10. Be2 Qf6 11. Qh5 Qe5 12. Qf3 Qf4 13. Qh5 Nf6 14. Qb5+
Ke7 15. g3 Qe5 16. Qxc4 Qc5 17. Qd3 Rhd8 18. Qf3 Qb6 19. Rb1 Kf8 20. O-O Rd7
21. Rfe1 Be5 22. Bf1 Rd2 23. Re2 Rad8 24. Kg2 Rxe2 25. Nxe2 Rd2 26. b4 Qc6 27.
Nc1 Qxe4 28. Be2 Qxb1 29. Nd3 Bd6 30. Qe3 Qa2 31. Nc1 Qd5+ 32. Bf3 Qd4 33. Qe1
Rc2 34. Ne2 Qd2 35. Qf1 Be5 36. Bxb7 0-1

[Event "4ème Open des Basses Vallées Angevines"]
[Site "Cantenay-Epinard"]
[Date "2015.12.19"]
[Round "5.16"]
[White "Deportes, Anouk"]
[Black "Bobard, Antonin"]
[Result "1-0"]
[WhiteElo "1565"]
[BlackElo "1326"]
[PlyCount "31"]
[EventDate "2015.12.??"]
[EventRounds "5"]
[WhiteTeam "L'Echiquier Angevin"]
[BlackTeam "La Cavale du Fou"]

1. e4 c5 2. Nf3 e6 3. d4 cxd4 4. Nxd4 Nf6 5. f3 Nxe4 6. fxe4 Qh4+ 7. Ke2 Qg4+
8. Nf3 Qxe4+ 9. Be3 Bc5 10. Qd3 Qb4 11. Qc3 Qb6 12. Ke1 Qb4 13. Bxc5 Qe4+ 14.
Be3 O-O 15. Nbd2 Qd5 16. Bd3 1-0

[Event "4ème Open des Basses Vallées Angevines"]
[Site "Cantenay-Epinard"]
[Date "2015.12.19"]
[Round "5.18"]
[White "Sonzogni, Michel"]
[Black "Boulart, Emilie"]
[Result "0-1"]
[WhiteElo "1306"]
[BlackElo "1545"]
[PlyCount "96"]
[EventDate "2015.12.??"]
[EventRounds "5"]
[WhiteTeam "L'Echiquier Angevin"]
[BlackTeam "Carquefou Echecs"]

1. e4 c5 2. Nf3 g6 3. Bc4 Bg7 4. Nc3 Nc6 5. a3 Nf6 6. d3 O-O 7. Be3 d6 8. h3 a6
9. Rb1 b5 10. Ba2 Bb7 11. O-O Rc8 12. Re1 Na7 13. b4 Nd7 14. Ne2 Nc6 15. bxc5
Nxc5 16. Ng3 Na4 17. Bd2 Qb6 18. c4 Nc5 19. cxb5 axb5 20. Be3 Qa6 21. Bxc5 dxc5
22. Qb3 Na7 23. Rec1 Qd6 24. Ng5 e6 25. Rd1 Bd4 26. Rd2 Qxg3 27. Nxe6 fxe6 28.
Qxe6+ Kh8 29. Rbb2 Qc7 30. Rbc2 Qc6 31. Qg4 Rce8 32. Qg5 Qf6 33. Qg3 Qf4 34.
Qxf4 Rxf4 35. g3 Rf3 36. Kg2 Ref8 37. Be6 R3f6 38. Bb3 Nc6 39. Bd5 Nd8 40. Bb3
Nf7 41. f4 Ra6 42. Ra2 Nd6 43. Bc2 Rd8 44. Kf3 Bc3 45. Re2 b4 46. Bb3 Nb5 47.
axb4 Rxa2 48. Rxa2 Nd4+ 0-1

[Event "4ème Open des Basses Vallées Angevines"]
[Site "Cantenay-Epinard"]
[Date "2015.12.19"]
[Round "5.19"]
[White "Darniere, Simon"]
[Black "Andre, Emmanuel"]
[Result "0-1"]
[WhiteElo "1199"]
[BlackElo "1538"]
[PlyCount "74"]
[EventDate "2015.12.??"]
[EventRounds "5"]
[WhiteTeam "L'Echiquier Angevin"]
[BlackTeam "Chevau-légers de la Choisille"]

1. e4 c5 2. Nf3 Nc6 3. Nc3 Nf6 4. d4 cxd4 5. Nxd4 a6 6. Nxc6 bxc6 7. Bc4 e6 8.
O-O h6 9. Bf4 Be7 10. Re1 O-O 11. e5 Nh7 12. Bd3 Rb8 13. b3 Bb7 14. Qg4 Bg5 15.
Re3 Bxf4 16. Qxf4 f5 17. exf6 Rxf6 18. Qg4 c5 19. Rh3 Qf8 20. f3 Ng5 21. Rh4
Rxf3 22. Ne4 Bxe4 23. Bxe4 Rf6 24. Qe2 Qd6 25. Bd3 Rbf8 26. Qd2 Qd5 27. Qe2 Rf2
28. Qg4 R8f4 29. Bxa6 Rxg4 30. Rxg4 Rf5 31. Bd3 Ne4 32. Rxe4 Rg5 33. g3 Re5 34.
Rxe5 Qxe5 35. Rb1 g5 36. b4 cxb4 37. Rxb4 Qc5+ 0-1

[Event "4ème Open des Basses Vallées Angevines"]
[Site "Cantenay-Epinard"]
[Date "2015.12.19"]
[Round "5.20"]
[White "Giua, Louka"]
[Black "Pionnier, Axel"]
[Result "0-1"]
[WhiteElo "1169"]
[BlackElo "1329"]
[PlyCount "119"]
[EventDate "2015.12.??"]
[EventRounds "5"]
[WhiteTeam "Club d'Echecs d'Avoine"]
[BlackTeam "Club d'Echecs d'Avoine"]

1. e4 e5 2. Nf3 Nc6 3. d4 exd4 4. Bc4 Bc5 5. c3 dxc3 6. Nxc3 Nf6 7. O-O d6 8.
Bg5 Bg4 9. h3 Bh5 10. Qd3 h6 11. Bxf6 Qxf6 12. Nd5 Qd8 13. Nf4 Bxf3 14. Qxf3
O-O 15. Ng6 Ne5 16. Nxe5 dxe5 17. Rfd1 Qe7 18. Rd3 Rad8 19. Rad1 Rxd3 20. Rxd3
a6 21. a4 Bd4 22. b3 c6 23. Rd1 b5 24. axb5 axb5 25. Be2 Qb4 26. Rc1 Qd6 27.
Rd1 Qa3 28. Kf1 Qb2 29. Qd3 Ra8 30. Qb1 Ra2 31. Qd3 Ra1 32. Rxa1 Qxa1+ 33. Qd1
Qxd1+ 34. Bxd1 Kf8 35. Ke2 Ke7 36. f3 Kd6 37. Kd3 Kc5 38. Kc2 Kb4 39. Kb1 Kc3
40. g3 Kd2 41. Bc2 Ke3 42. Bd1 Kf2 43. g4 Kg3 44. Kc2 Kxh3 45. Kd3 Kh4 46. f4
Ba1 47. f5 Kg5 48. b4 g6 49. Bb3 gxf5 50. gxf5 f6 51. Bd5 cxd5 52. exd5 Kxf5
53. d6 Ke6 54. Ke4 Kxd6 55. Kd3 Kd5 56. Kc2 Kd4 57. Kd2 e4 58. Ke2 e3 59. Kd1
Kd3 60. Ke1 0-1

[Event "4ème Open des Basses Vallées Angevines"]
[Site "Cantenay-Epinard"]
[Date "2015.12.19"]
[Round "5.21"]
[White "Legendre, Aurelien"]
[Black "Chauveau, Theo"]
[Result "0-1"]
[WhiteElo "1241"]
[BlackElo "1099"]
[PlyCount "28"]
[EventDate "2015.12.??"]
[EventRounds "5"]
[WhiteTeam "Le Club d'Echecs des Basses Vallées Angevines"]
[BlackTeam "La Cavale du Fou"]

1. e4 e5 2. Bc4 Nf6 3. d3 d5 4. exd5 Nxd5 5. Nf3 b6 6. O-O Nc6 7. c3 Bb7 8. Re1
f6 9. d4 Qd6 10. dxe5 fxe5 11. Bxd5 O-O-O 12. Ng5 Qxd5 13. Qg4+ Rd7 14. Rd1
Qxd1+ 0-1

[Event "4ème Open des Basses Vallées Angevines"]
[Site "Cantenay-Epinard"]
[Date "2015.12.19"]
[Round "5.22"]
[White "Pantenier, Bernard"]
[Black "Lucazeau, Alain"]
[Result "0-1"]
[WhiteElo "1245"]
[BlackElo "1508"]
[PlyCount "40"]
[EventDate "2015.12.??"]
[EventRounds "5"]
[WhiteTeam "La Cavale du Fou"]
[BlackTeam "La Tour Mayennaise"]

1. e4 c5 2. Nc3 Nc6 3. Nf3 d6 4. d3 Bg4 5. Be2 Nf6 6. O-O e6 7. Re1 Be7 8. d4
Bxf3 9. Bxf3 Nxd4 10. e5 Nxf3+ 11. Qxf3 dxe5 12. Rxe5 Qc7 13. Bf4 Bd6 14. Nb5
Qb6 15. Nxd6+ Qxd6 16. Rg5 Qb6 17. Qa3 Nd5 18. Bd2 O-O 19. Qg3 Qxb2 20. Rxg7+
Qxg7 0-1

[Event "4ème Open des Basses Vallées Angevines"]
[Site "Cantenay-Epinard"]
[Date "2015.12.19"]
[Round "5.24"]
[White "Lebreton, Bertrand"]
[Black "Garcion, Ilan"]
[Result "1-0"]
[WhiteElo "1180"]
[BlackElo "1310"]
[PlyCount "75"]
[EventDate "2015.12.??"]
[EventRounds "5"]
[WhiteTeam "L'Echiquier Angevin"]
[BlackTeam "L'Echiquier Angevin"]

1. e4 Nf6 2. Nc3 Nc6 3. Nf3 d6 4. Bc4 Bg4 5. Nd5 Nxe4 6. d3 Nc5 7. Be3 e6 8.
Nc3 d5 9. d4 Nd7 10. Bd3 e5 11. dxe5 d4 12. h3 Bxf3 13. Qxf3 Ndxe5 14. Qd5 dxe3
15. Qxd8+ Rxd8 16. Bb5 exf2+ 17. Kxf2 Bc5+ 18. Kg3 O-O 19. Rhe1 Bd6 20. Kf2 Nd4
21. Rac1 Bc5 22. Rxe5 Nc6+ 23. Rxc5 Rd2+ 24. Kg1 Re8 25. Bxc6 bxc6 26. Kh2 Re6
27. Ra5 Rg6 28. Rg1 Rf6 29. Rxa7 g5 30. Ne4 Rff2 31. Nxf2 Rxf2 32. Rxc7 Rxc2
33. a4 Rxb2 34. Rxc6 Ra2 35. Ra6 f5 36. Rb1 Kg7 37. Rb7+ Kf8 38. Ra8# 1-0

[Event "4ème Open des Basses Vallées Angevines"]
[Site "Cantenay-Epinard"]
[Date "2015.12.19"]
[Round "5.25"]
[White "Bremaud, Louis"]
[Black "Planchenault, Paul-Etienne"]
[Result "1/2-1/2"]
[WhiteElo "1299"]
[BlackElo "1120"]
[PlyCount "103"]
[EventDate "2015.12.??"]
[EventRounds "5"]
[WhiteTeam "L'Echiquier Angevin"]
[BlackTeam "La Cavale du Fou"]

1. e4 e5 2. Bc4 Nc6 3. Nf3 Bc5 4. d3 Nf6 5. Ng5 O-O 6. Nc3 h6 7. Nf3 Bb4 8. Bd2
d6 9. Qe2 Nd4 10. Nxd4 exd4 11. Bd5 dxc3 12. bxc3 Ba5 13. c4 Nxd5 14. cxd5 Bb6
15. O-O c6 16. dxc6 bxc6 17. Qf3 Ba5 18. Bc1 Rb8 19. Ba3 c5 20. Qg3 Bc3 21.
Rab1 Rxb1 22. Rxb1 Be6 23. Rb7 Be5 24. Qe3 Qc8 25. Rxa7 Qb8 26. Ra6 Bb2 27.
Bxb2 Qxb2 28. h3 Qb1+ 29. Kh2 Bc8 30. Rxd6 Qb2 31. Qxc5 Qb8 32. e5 Be6 33. a4
Qc8 34. d4 Qxc5 35. dxc5 Bf5 36. c3 Ra8 37. Rd4 f6 38. exf6 gxf6 39. Rf4 Bd7
40. Rxf6 Rxa4 41. Rxh6 Rc4 42. Rg6+ Kf7 43. Rd6 Ke7 44. Rd4 Rxc5 45. Rd3 Rh5
46. g4 Rg5 47. h4 Rxg4 48. h5 Rh4+ 49. Kg3 Rxh5 50. Re3+ Kf6 51. f4 Rh3+ 52.
Kf2 1/2-1/2

[Event "4ème Open des Basses Vallées Angevines"]
[Site "Cantenay-Epinard"]
[Date "2015.12.19"]
[Round "5.26"]
[White "Bremaud, Vincent"]
[Black "Legeay, Julie"]
[Result "0-1"]
[WhiteElo "1299"]
[BlackElo "1096"]
[PlyCount "96"]
[EventDate "2015.12.??"]
[EventRounds "5"]
[WhiteTeam "L'Echiquier Angevin"]
[BlackTeam "Club d'Echecs de la Bruffière"]

1. e4 d6 2. Bc4 Nf6 3. Nc3 g6 4. d4 Bg7 5. Nf3 O-O 6. Ng5 Bg4 7. f3 Bd7 8. f4
c5 9. Qd3 cxd4 10. Nb5 Nc6 11. Qg3 a6 12. e5 dxe5 13. fxe5 Nh5 14. Qf3 Nxe5 15.
Qe2 Nxc4 16. Qxc4 Bxb5 17. Qb3 Qa5+ 18. Bd2 Qb6 19. O-O-O Rac8 20. Rhf1 Nf6 21.
Qh3 Qc6 22. c3 Bxf1 23. Rxf1 h5 24. Re1 Bh6 25. Rxe7 Qc5 26. Ne6 Bxd2+ 27. Kxd2
Qxe7 28. Nxd4 Ne4+ 29. Kc2 Nf2 30. Qg3 Qe1 31. Kb3 Qd1+ 32. Ka3 Ne4 33. Qe3
Rfe8 34. Qh3 Rc4 35. Qd7 Nf6 36. Qxe8+ Nxe8 37. b3 Rxc3 38. h4 Qc1+ 39. Ka4 b6
40. Ne2 b5+ 41. Kb4 a5+ 42. Kxa5 Qa3+ 43. Kxb5 Qc5+ 44. Ka4 Re3 45. b4 Qc4 46.
g4 Re4 47. a3 Re5 48. gxh5 Qc2# 0-1

[Event "4ème Open des Basses Vallées Angevines"]
[Site "Cantenay-Epinard"]
[Date "2015.12.19"]
[Round "5.27"]
[White "Dimpre, Alexis"]
[Black "Salmon, Vivien"]
[Result "0-1"]
[WhiteElo "1280"]
[BlackElo "1060"]
[PlyCount "56"]
[EventDate "2015.12.??"]
[EventRounds "5"]
[WhiteTeam "L'Echiquier Angevin"]
[BlackTeam "La Cavale du Fou"]

1. e4 e5 2. Nf3 Nc6 3. Bc4 Bc5 4. Nc3 d6 5. d3 Bg4 6. h3 Bh5 7. O-O Nf6 8. Bg5
h6 9. Bh4 g5 10. Bg3 g4 11. hxg4 Bxg4 12. Nd5 h5 13. Bh4 Rh6 14. Nxf6+ Rxf6 15.
Bxf6 Qxf6 16. Bd5 O-O-O 17. Bxc6 bxc6 18. a3 h4 19. b4 Bd4 20. Rb1 h3 21. b5
hxg2 22. Kxg2 Rg8 23. Kh2 Qh6+ 24. Kg2 Bh3+ 25. Kh1 Bd7+ 26. Nh2 Rh8 27. Kg2
Qh3+ 28. Kh1 Qxh2# 0-1